书目信息 |
| 题名: |
商业地产高人气业态运营手册
|
|
| 作者: | ;天火同人工作室 组织编写 | |
| 分册: | 生鲜超市 | |
| 出版信息: | 北京 化学工业出版社 2021 |
|
| 页数: | 266页 | |
| 开本: | 24cm | |
| 丛书名: | ||
| 单 册: | ||
| 中图分类: | F293.352-62 , F293.35 | |
| 科图分类: | ||
| 主题词: | 城市商业--房地产开发--运营管理--手册 | |
| 电子资源: | ||
| ISBN: | 978-7-122-37064-8 | |
| 000 | 00852nam0 2200229 450 | |
| 001 | 2258915914 | |
| 005 | 20220922162246.93 | |
| 010 | @a978-7-122-37064-8@dCNY78.00 | |
| 100 | @a20210220d2021 em y0chiy50 ea | |
| 101 | 0 | @achi |
| 102 | @aCN@b110000 | |
| 105 | @aa z 000yy | |
| 200 | 1 | @a商业地产高人气业态运营手册@9shang ye di chan gao ren qi ye tai yun ying shou ce@i生鲜超市@f天火同人工作室组织编写 |
| 210 | @a北京@c化学工业出版社@d2021 | |
| 215 | @a266页@c图@d24cm | |
| 330 | @a本书讲述生鲜超市运营实战,内容包含生鲜超市的市场特征及主流模式、前期筹划、运营管理、商品管理、年度营销管理、会员营销管理。 | |
| 606 | 0 | @a城市商业@x房地产开发@x运营管理@j手册 |
| 690 | @aF293.352-62@v5 | |
| 690 | @aF293.35@v4 | |
| 711 | 02 | @a天火同人工作室@9tian huo tong ren gong zuo shi@4组织编写 |
| 801 | 0 | @aCN@b91MARC@c20210317 |
| 905 | @aZUCC@dF293.35@e6:2 | |
| 商业地产高人气业态运营手册.生鲜超市/天火同人工作室组织编写.-北京:化学工业出版社,2021 |
| 266页:图;24cm |
| ISBN 978-7-122-37064-8:CNY78.00 |
| 本书讲述生鲜超市运营实战,内容包含生鲜超市的市场特征及主流模式、前期筹划、运营管理、商品管理、年度营销管理、会员营销管理。 |
| ● |
| 相关链接 |
|
|
|
正题名:商业地产高人气业态运营手册
索取号:F293.35/6:2
 
预约/预借
| 序号 | 登录号 | 条形码 | 馆藏地/架位号 | 状态 | 备注 |
| 1 | 2000902405 | 2000902405 | 第三书库/ [索取号:F293.35/6:2] | 在馆 | |
| 2 | 2000902406 | 2000902406 | 第三书库/ [索取号:F293.35/6:2] | 在馆 | |
| 3 | 2000902407 | 2000902407 | 第三书库/ [索取号:F293.35/6:2] | 在馆 |